Statistiken für Kleinste Landkreise Deutschlands

Klicken Sie hier um das Quiz zu spielen!

Allgemein

  • Dieses Quiz wurde 202 mal gespielt
  • Das Durchschnittsergebnis liegt bei 6 aus 20

Antwortstatistiken

# EW# FLFlächeEinwohnerBundeslandLandkreis% Korrekt
1222 km²237.735HessenMain-Taunus-Kreis
48%
3434 km²58.410ThüringenSonneberg
46%
11.221 km²48.424NiedersachsenLüchow-Dannenberg
44%
6938 km²63.553ThüringenHildburghausen
38%
10573 km²70.526Rheinland-PfalzKusel
32%
2249 km²132.206SaarlandNeunkirchen
30%
9411 km²329.708SaarlandRegionalverband Saarbrücken
30%
8652 km²67.135BayernKronach
29%
7520 km²66.838BayernLichtenfels
28%
4911 km²60.603Rheinland-PfalzVulkaneifel
28%
2657 km²56.882NiedersachsenWittmund
28%
9807 km²69.655ThüringenSömmerda
27%
5692 km²61.587Rheinland-PfalzCochem-Zell
26%
6356 km²354.092HessenOffenbach
25%
5323 km²81.669BayernLindau (Bodensee)
23%
10418 km²142.631SaarlandSaarpfalz-Kreis
23%
3305 km²154.201Rheinland-PfalzRhein-Pfalz-Kreis
22%
7407 km²485.684Nordrhein-WestfalenMettmann
21%
8410 km²324.296Nordrhein-WestfalenEnnepe-Ruhr-Kreis
18%
4308 km²117.387BayernFürth
17%

Verteilung der Resultate

Perzentil nach korrekt beantworteten Fragen

Anzahl Personen mit jedem Resultat

Ihre Resultats-Entwicklung

Sie haben dieses Quiz noch nicht gespielt